Catálogo
 En Linea

Dos coloquios sobre la obra de Juan Bosch. (Registro nro. 28220)

Detalles MARC
000 -CABECERA
campo de control de longitud fija 02461nam a2200361 i 4500
001 - NÚMERO DE CONTROL
campo de control 000028728
003 - IDENTIFICADOR DEL NÚMERO DE CONTROL
campo de control DO-SdBNP
005 - FECHA Y HORA DE LA ÚLTIMA TRANSACCIÓN
campo de control 20250116123441.0
007 - CAMPO FIJO DE DESCRIPCIÓN FÍSICA--INFORMACIÓN GENERAL
campo de control de longitud fija ta
008 - DATOS DE LONGITUD FIJA--INFORMACIÓN GENERAL
campo de control de longitud fija 110411s2010 dr r 001 0 spa d
020 ## - NÚMERO INTERNACIONAL ESTÁNDAR DEL LIBRO
Número Internacional Estándar del Libro 9789945443516
040 ## - FUENTE DE LA CATALOGACIÓN
Centro catalogador/agencia de origen DO-SdBNP
Lengua de catalogación spa
Centro/agencia transcriptor BNPHU
Normas de descripción rda
082 #4 - NÚMERO DE LA CLASIFICACIÓN DECIMAL DEWEY
Número de edición 22
245 00 - MENCIÓN DE TÍTULO
Título Dos coloquios sobre la obra de Juan Bosch.
Mención de responsabilidad, etc. Bruno Rosario Candelier, Jeannette Miller, JoséEnrique García, León David, Ángela Hernández, Manuel A. García Arévalo, José Chez Checo
264 ## - PRODUCCIÓN, PUBLICACIÓN, DISTRIBUCIÓN, FABRICACIÓN Y COPYRIGHT
Producción, publicación, distribución, fabricación y copyright Santo Domingo :
Nombre del de productor, editor, distribuidor, fabricante Banco Central de la República Dominicana,
Fecha de producción, publicación, distribución, fabricación o copyright 2010.
300 ## - DESCRIPCIÓN FÍSICA
Extensión 189 páginas ;
Dimensiones 23 cm.
336 ## - TIPO DE CONTENIDO
Fuente rdacontent
Término de tipo de contenido texto
Código de tipo de contenido txt
337 ## - TIPO DE MEDIO
Fuente rdamedia
Nombre/término del tipo de medio sin mediació
Código del tipo de medio nc
338 ## - TIPO DE SOPORTE
Fuente rdacarrier
Nombre/término del tipo de soporte volumen
Código del tipo de soporte n
490 1# - MENCIÓN DE SERIE
Mención de serie Banco Central de la República Dominicana, Departamento Cultura
Designación de volumen o secuencia 130
490 1# - MENCIÓN DE SERIE
Mención de serie Arte y literatura
Designación de volumen o secuencia 54
505 0# - NOTA DE CONTENIDO CON FORMATO
Información miscelánea Primer coloquio --
Título Presentación /
Mención de responsabilidad José Alcántara Almánzar --
Título El aliento telúrico en la narrativa de Juan Bosch /
Mención de responsabilidad Bruno Rosario Candelier --
Título La mañosa: una excelente fotografía de los inicios del siglo xx dominicano /
Mención de responsabilidad Jeannette Miller --
Título Guaraguaos. Impulsos de la tragedia griega en un cuento de Juan Bosch /
Mención de responsabilidad José Enrique García --
Título La problemática social en tres cuentos de Juan Bosch /
Mención de responsabilidad León David --
Título Rumbo al puerto de origen, un relato pleno de simbologías /
Mención de responsabilidad Ángela Hernández --
Información miscelánea Segundo coloquio --
Título Presentación /
Mención de responsabilidad José Alcántara Almánzar --
Título Juan Bosch y el indigenismo dominicano /
Mención de responsabilidad Manuel A. García Arévalo --
Título Trujillo, causas de una tiranía sin ejemplo de Juan Bosch: una lectura historiográfica /
Mención de responsabilidad José Chez Checo --
Título Composición social dominicana: 40 años después /
Mención de responsabilidad Mu-Kien Adriana Sang Ben --
Título Discurso político y construcción democrática Juan Bosch y su libro: crisis de la democracia de América en la República Dominicana /
Mención de responsabilidad Wilfredo Lozano --
Título El Caribe: Bosch dialoga con Eric Williams y Moya Pons /
Mención de responsabilidad David Álvarez Martín --
Título índice onomástico --
-- Colección del Banco Central de la República Dominicana --
590 ## - NOTA LOCAL (RLIN)
Nota local Inventariado, 2023/BT
700 1# - PUNTO DE ACCESO ADICIONAL--NOMBRE DE PERSONA
Nombre de persona Rosario Candelier, Bruno,
Fechas asociadas al nombre 1941-
9 (RLIN) 851
700 1# - PUNTO DE ACCESO ADICIONAL--NOMBRE DE PERSONA
Nombre de persona Miller, Jeannette,
Fechas asociadas al nombre 1944-
9 (RLIN) 83484
700 1# - PUNTO DE ACCESO ADICIONAL--NOMBRE DE PERSONA
Nombre de persona García, José Enrique,
Fechas asociadas al nombre 1948-
9 (RLIN) 22487
700 1# - PUNTO DE ACCESO ADICIONAL--NOMBRE DE PERSONA
Nombre de persona León David
Fechas asociadas al nombre 1945-
9 (RLIN) 84930
700 1# - PUNTO DE ACCESO ADICIONAL--NOMBRE DE PERSONA
Nombre de persona Hernández, Ángela
9 (RLIN) 82384
700 1# - PUNTO DE ACCESO ADICIONAL--NOMBRE DE PERSONA
Nombre de persona García Arévalo, Manuel A.
9 (RLIN) 82302
700 1# - PUNTO DE ACCESO ADICIONAL--NOMBRE DE PERSONA
Código de función/relación Chez Checo, José
910 ## - DATOS DE OPCIÓN DEL USUARIO (OCLC)
Datos de opción del usuario Btavárez
942 ## - ELEMENTOS DE PUNTO DE ACCESO ADICIONAL (KOHA)
Fuente del sistema de clasificación o colocación Dewey Decimal Classification
Tipo de ítem Koha Libro
Existencias
Estado de retiro Estado de pérdida Fuente del sistema de clasificación o colocación Restricciones de uso No para préstamo Código de colección Localización permanente Ubicación/localización actual Ubicación en estantería Fecha de adquisición Total de préstamos Signatura topográfica completa Código de barras Fecha visto por última vez Número de copia Precio válido a partir de Tipo de ítem Koha Fuente de adquisición
    Dewey Decimal Classification Excluido de préstamo   Dominicana de Servicio Biblioteca Nacional Pedro Henríquez Ureña Biblioteca Nacional Pedro Henríquez Ureña En catalogación 12.04.2011   BNPHU DS 28728-30 25.06.2020 e. 3 25.06.2020 Libro  
    Dewey Decimal Classification Excluido de préstamo   Patrimonio Dominicano Biblioteca Nacional Pedro Henríquez Ureña Biblioteca Nacional Pedro Henríquez Ureña En catalogación 11.04.2011   BNPHU PD 28728-10 25.06.2020   25.06.2020 Libro  
    Dewey Decimal Classification Excluido de préstamo   Patrimonio Dominicano Biblioteca Nacional Pedro Henríquez Ureña Biblioteca Nacional Pedro Henríquez Ureña En catalogación 12.04.2011   BNPHU PD 28728-20 25.06.2020 e. 2 25.06.2020 Libro  
    Dewey Decimal Classification Préstamo en sala   Dominicana de Servicio Biblioteca Nacional Pedro Henríquez Ureña Biblioteca Nacional Pedro Henríquez Ureña En catalogación 08.09.2023   BNPHU DS 28728-40 08.09.2023 e.4 08.09.2023 Libro Donación

Con tecnología Koha